000 01224cam a22003134a 4500
999 _c57706
_d57706
001 14666301
005 20221105203907.0
008 061205s2019 enkab b 001 0 eng
020 _a978-0702066078 1
041 _aeng
080 _a61 E-80
245 1 0 _aEssentials of global health /
_cEdited by Babulal Sethia, Parveen Kumar.
264 _belsevier,
_c2019.
300 _a291 p. :
_b 23 cm.
440 0 _aEssential public health
_99525
650 0 _aWorld health.
_99526
650 0 _aPublic health
_zDeveloping countries.
_99527
650 0 _aPublic health
_xInternational cooperation.
_99528
650 1 2 _aWorld Health.
_99529
650 2 2 _aHealth Services Accessibility.
_99530
650 2 2 _aPublic Health.
_99531
653 _aმედიცინა
653 _aჯანმრთელობის სერვისების ხელმისაწვდომობა
700 _aSethia, Babulal
_eრედაქტორი
_99532
700 _aKumar, Parveen
_eრედაქტორი
_99533
856 4 1 _3Table of contents only
_uhttp://www.loc.gov/catdir/toc/ecip076/2006100605.html
942 _2udc
_cBK
955 _aaa27 2006-12-14
_aps08 2007-11-08 1 copy rec'd., to CIP ver.